| 000 | 01022nam a2200253Ia 4500 | ||
|---|---|---|---|
| 003 | OSt | ||
| 005 | 20220923211045.0 | ||
| 006 | a|||||r|||| 00| 0 | ||
| 007 | ta | ||
| 008 | 220922b |||||||| |||| 00| 0 hin d | ||
| 020 |
_a8174532838 (hbk) _c500 |
||
| 024 | _a233,918 | ||
| 037 |
_b348, 13/03/2008, Swaraj Prakashan _cTextual |
||
| 040 |
_aARTS _cARTS _bhin |
||
| 041 |
_2hin _ahin |
||
| 082 | _aO152v, P7 | ||
| 100 |
_aश्रीवास्तव, गरिमा; शहनाज़ बानो _9157692 |
||
| 245 | 0 | _aहिन्दी साहित्य 21 बहुवैकल्पिक प्रश्नोत्तर | |
| 246 | _aHindī sāhitya 2100 bahuvaikalpik prashnottara | ||
| 260 |
_aनई दिल्ली _b संजय प्रकाशन _c2007 |
||
| 300 |
_a279पृ. _ccm. |
||
| 942 |
_hO152v, P7 _cTEXL _2CC |
||
| 999 |
_c294612 _d294612 |
||